Archeological perspective of India since independence. Ed by K N Dikshit. (Record no. 1030922)

MARC details
000 -LEADER
fixed length control field 00793nam a2200253Ia 4500
003 - CONTROL NUMBER IDENTIFIER
control field OSt
005 - DATE AND TIME OF LATEST TRANSACTION
control field 20221005114317.0
008 - FIXED-LENGTH DATA ELEMENTS--GENERAL INFORMATION
fixed length control field 221004b |||||||| |||| 00| 0 eng d
037 ## - SOURCE OF ACQUISITION
Terms of availability Textual
040 ## - CATALOGING SOURCE
Original cataloging agency CRL
Transcribing agency CRL
Language of cataloging eng
041 ## - LANGUAGE CODE
Source of code eng
Language code of text/sound track or separate title eng
110 ## - MAIN ENTRY--CORPORATE NAME
Corporate name or jurisdiction name as entry element International Seminar of the Indian Archeological Society (New Delhi) (1982).
9 (RLIN) 625764
245 #0 - TITLE STATEMENT
Title Archeological perspective of India since independence. Ed by K N Dikshit.
260 ## - PUBLICATION, DISTRIBUTION, ETC.
Date of publication, distribution, etc. 1985
300 ## - PHYSICAL DESCRIPTION
Extent 186p.
Dimensions cm.
650 ## - SUBJECT ADDED ENTRY--TOPICAL TERM
Topical term or geographic name entry element HISTORY
700 ## - ADDED ENTRY--PERSONAL NAME
Personal name International Seminar of the Indian Archeological Society (New Delhi) (1982).
9 (RLIN) 625765
942 ## - ADDED ENTRY ELEMENTS (KOHA)
Classification part V2:71p2,N82, M5
Koha item type Textual
Source of classification or shelving scheme
Holdings
Withdrawn status Lost status Damaged status Not for loan Home library Current library Date acquired Total Checkouts Full call number Barcode Date last seen Price effective from Koha item type
        Central Library Central Library 2022-10-05   V2:71p2,N82 M5 CL0923766 2022-10-05 2022-10-05 Textual
Copyright @ Delhi University Library System